<?xml version="1.0" encoding="UTF-8"?>
<record
    xmlns:xsi="http://www.w3.org/2001/XMLSchema-instance"
    xsi:schemaLocation="http://www.loc.gov/MARC21/slim http://www.loc.gov/standards/marcxml/schema/MARC21slim.xsd"
    xmlns="http://www.loc.gov/MARC21/slim">

  <leader>01658nam a2200313 a 4500</leader>
  <controlfield tag="001">000012789</controlfield>
  <controlfield tag="003">DO-SdBNP</controlfield>
  <controlfield tag="005">20251106084539.0</controlfield>
  <controlfield tag="008">091013s1989    dr a          000 0 spa d</controlfield>
  <datafield tag="040" ind1=" " ind2=" ">
    <subfield code="a">DO-SdBNP</subfield>
    <subfield code="b">Spa</subfield>
    <subfield code="c">BNPHU</subfield>
  </datafield>
  <datafield tag="082" ind1=" " ind2=" ">
    <subfield code="a">xxx</subfield>
    <subfield code="b">xxxx</subfield>
  </datafield>
  <datafield tag="100" ind1="1" ind2=" ">
    <subfield code="a">Pelaez de Bautista, Adriana</subfield>
    <subfield code="9">29593</subfield>
  </datafield>
  <datafield tag="245" ind1="1" ind2="0">
    <subfield code="a">Matem&#xE1;tica hoy  :</subfield>
    <subfield code="b">educaci&#xF3;n b&#xE1;sica /</subfield>
    <subfield code="c">Adriana Pelaez de Bautista, Francisca Juana Lugo de De Le&#xF3;n, Noem&#xED; Rodr&#xED;guez de Uffre.</subfield>
  </datafield>
  <datafield tag="250" ind1=" " ind2=" ">
    <subfield code="a">2a ed.</subfield>
  </datafield>
  <datafield tag="260" ind1=" " ind2=" ">
    <subfield code="a">Santo Domingo :</subfield>
    <subfield code="b">Plan Social Educativo</subfield>
    <subfield code="b">SAVICA,</subfield>
    <subfield code="c">1989.</subfield>
  </datafield>
  <datafield tag="300" ind1=" " ind2=" ">
    <subfield code="a">8 v. :</subfield>
    <subfield code="b">il. ;</subfield>
    <subfield code="c">28 cm.</subfield>
  </datafield>
  <datafield tag="500" ind1=" " ind2=" ">
    <subfield code="a">La biblioteca solamente posee el volumen 1.</subfield>
  </datafield>
  <datafield tag="500" ind1=" " ind2=" ">
    <subfield code="a">Educaci&#xF3;n b&#xE1;sica</subfield>
  </datafield>
  <datafield tag="505" ind1="0" ind2=" ">
    <subfield code="g">v. 1 :</subfield>
    <subfield code="t">Apresto --</subfield>
    <subfield code="t">Los conjuntos y sus elementos --</subfield>
    <subfield code="t">El cardinal de un conjunto y su gr&#xE1;fica --</subfield>
    <subfield code="t">La sucesi&#xF3;n de los cardinales hasta el diez --</subfield>
    <subfield code="t">Uni&#xF3;n de conjuntos disjuntos --</subfield>
    <subfield code="t">Adici&#xF3;n de cardinales menores que 100 --</subfield>
    <subfield code="t">Sustracci&#xF3;n de cardinales menores que 100 --</subfield>
    <subfield code="t">Idea intuitiva de multiplicaci&#xF3;n --</subfield>
    <subfield code="t">Idea intuitiva de divisi&#xF3;n --</subfield>
    <subfield code="t">Partes de la unidad: la mitad, la tercera y la cuarta parte --</subfield>
    <subfield code="t">Figuras geom&#xE9;tricas --</subfield>
    <subfield code="t">Longitud, capacidad. Las mediciones --</subfield>
    <subfield code="t">Tiempo --</subfield>
    <subfield code="t">Monedas --</subfield>
  </datafield>
  <datafield tag="650" ind1=" " ind2="4">
    <subfield code="a">Matem&#xE1;ticas</subfield>
    <subfield code="x">Ense&#xF1;anza</subfield>
    <subfield code="9">26423</subfield>
  </datafield>
  <datafield tag="650" ind1=" " ind2="0">
    <subfield code="a">&#xC1;lgebra</subfield>
    <subfield code="x">Ense&#xF1;anza</subfield>
    <subfield code="9">25976</subfield>
  </datafield>
  <datafield tag="650" ind1=" " ind2="4">
    <subfield code="a">&#xC1;lgebra</subfield>
    <subfield code="9">25976</subfield>
    <subfield code="x">Problemas, ejercicios, etc.</subfield>
  </datafield>
  <datafield tag="650" ind1=" " ind2="4">
    <subfield code="a">Ecuaciones lineales</subfield>
    <subfield code="x">Problemas, ejercicios, etc.</subfield>
    <subfield code="9">26424</subfield>
  </datafield>
  <datafield tag="650" ind1=" " ind2="4">
    <subfield code="a">Matem&#xE1;ticas</subfield>
    <subfield code="x">Problemas, ejercicios, etc.</subfield>
    <subfield code="9">19473</subfield>
  </datafield>
  <datafield tag="700" ind1="1" ind2=" ">
    <subfield code="a">Lugo de De Le&#xF3;n, Fracisca Juana</subfield>
    <subfield code="9">29594</subfield>
  </datafield>
  <datafield tag="700" ind1="1" ind2=" ">
    <subfield code="a">Rodr&#xED;guez de Uffre, Noem&#xED;</subfield>
    <subfield code="9">29595</subfield>
  </datafield>
  <datafield tag="710" ind1="1" ind2="2">
    <subfield code="a">Instituto de Auxilios y Viviendas</subfield>
    <subfield code="9">29596</subfield>
  </datafield>
  <datafield tag="942" ind1=" " ind2=" ">
    <subfield code="2">ddc</subfield>
    <subfield code="c">LBS1</subfield>
  </datafield>
  <datafield tag="952" ind1=" " ind2=" ">
    <subfield code="0">0</subfield>
    <subfield code="1">0</subfield>
    <subfield code="7">1</subfield>
    <subfield code="8">PD</subfield>
    <subfield code="a">PD</subfield>
    <subfield code="b">PD</subfield>
    <subfield code="c">HD</subfield>
    <subfield code="d">2009-11-17</subfield>
    <subfield code="i">LF1</subfield>
    <subfield code="l">0</subfield>
    <subfield code="o">xxx xxxx</subfield>
    <subfield code="p">12789-10</subfield>
    <subfield code="r">2020-06-25</subfield>
    <subfield code="w">2020-06-25</subfield>
    <subfield code="y">LFPD</subfield>
    <subfield code="Z">No se presta</subfield>
  </datafield>
  <datafield tag="999" ind1=" " ind2=" ">
    <subfield code="c">12440</subfield>
    <subfield code="d">12440</subfield>
  </datafield>
</record>
